[Event "ROM-ch U10 Girls"]
[Site "Calimanesti"]
[Date "2014.04.11"]
[Round "7"]
[White "Velcherean, Andreea Maria"]
[Black "Radulescu, Monica Georgiana"]
[Result "1-0"]
[WhiteElo "1001"]
[BlackElo "1001"]
[PlyCount "44"]
[EventDate "2014.04.06"]
[EventType "swiss"]
[EventRounds "9"]
[EventCountry "ROU"]
[SourceTitle "CBM 160 Extra"]
[Source "ChessBase"]
[SourceDate "2014.07.01"]
[SourceVersion "1"]
[SourceVersionDate "2014.07.01"]
[SourceQuality "1"]

1. e4 e5 2. Nf3 Nc6 3. Bc4 Bc5 4. c3 Nf6 5. d4 exd4 6. cxd4 Nxd4 7. Nxd4 Nxe4 8. 0-0 d6 9. Nc3 Nxc3 10. bxc3 0-0 11. Qh5 h6 12. Bxh6 d5 13. Bd3 f6 14. Bxg7 f5 15. Bxf8 Kxf8 16. Nxf5 Qf6 17. Rfe1 Bd7 18. g4 Bc6 19. g5 Qxc3 20. g6 Kg8 21. g7 Qb4 22. Qg5 a6 1-0

[Event "ROM-ch U10 Girls"]
[Site "Calimanesti"]
[Date "2014.04.08"]
[Round "3"]
[White "Bardas, Ana Maria"]
[Black "Velcherean, Andreea Maria"]
[Result "1-0"]
[WhiteElo "1099"]
[BlackElo "1001"]
[PlyCount "59"]
[EventDate "2014.04.06"]
[EventType "swiss"]
[EventRounds "9"]
[EventCountry "ROU"]
[SourceTitle "CBM 160 Extra"]
[Source "ChessBase"]
[SourceDate "2014.07.01"]
[SourceVersion "1"]
[SourceVersionDate "2014.07.01"]
[SourceQuality "1"]

1. d4 Nf6 2. e3 e6 3. f4 d5 4. Bd3 Nc6 5. Nd2 Bd6 6. Ngf3 a5 7. Ne5 0-0 8. 0-0 Ne7 9. e4 dxe4 10. Nxe4 Ng6 11. Nxf6+ Qxf6 12. Be3 b6 13. c3 Ba6 14. Bxa6 Rxa6 15. Nd7 Qe7 16. Nxf8 Qxf8 17. Qd3 Ra8 18. f5 exf5 19. Qxf5 Re8 20. Rae1 h6 21. Qb5 c5 22. dxc5 bxc5 23. Bf4 Bxf4 24. Rxe8 Qxe8 25. Qxe8+ Kh7 26. Qxf7 Be3+ 27. Kh1 c4 28. Rf6 a4 29. Qxg6+ Kh8 30. Rf8# 1-0

[Event "ROM-ch U10 Girls"]
[Site "Calimanesti"]
[Date "2014.04.07"]
[Round "2"]
[White "Velcherean, Andreea Maria"]
[Black "Ionita, Carmen Nicola"]
[Result "1-0"]
[WhiteElo "1001"]
[BlackElo "1049"]
[PlyCount "64"]
[EventDate "2014.04.06"]
[EventType "swiss"]
[EventRounds "9"]
[EventCountry "ROU"]
[SourceTitle "CBM 160 Extra"]
[Source "ChessBase"]
[SourceDate "2014.07.01"]
[SourceVersion "1"]
[SourceVersionDate "2014.07.01"]
[SourceQuality "1"]

1. e4 e5 2. Nf3 Nf6 3. Nxe5 Qe7 4. Nf3 Nxe4 5. Qe2 d5 6. d4 Nc6 7. Be3 Bg4 8. h3 Bxf3 9. Qxf3 0-0-0 10. Bd3 Nb4 11. a3 Nxd3+ 12. cxd3 Ng5 13. Qf5+ Kb8 14. Qxg5 Re8 15. 0-0 f6 16. Qxd5 g6 17. Re1 c6 18. Qc5 Qe6 19. Bf4+ Ka8 20. Rxe6 Bxc5 21. Rxf6 Bxd4 22. Rf7 Bxb2 23. Ra2 Re1+ 24. Kh2 Rxb1 25. a4 Bd4 26. a5 Rf1 27. a6 b6 28. Rc2 Rc8 29. Rxh7 Bxf2 30. Rxc6 Rf8 31. Rcc7 Kb8 32. Rcf7+ Ka8 1-0

[Event "ROM-ch U10 Girls"]
[Site "Calimanesti"]
[Date "2014.04.06"]
[Round "1"]
[White "Lupu, Denisa Cristina"]
[Black "Velcherean, Andreea Maria"]
[Result "1-0"]
[WhiteElo "1112"]
[BlackElo "1001"]
[PlyCount "85"]
[EventDate "2014.04.06"]
[EventType "swiss"]
[EventRounds "9"]
[EventCountry "ROU"]
[SourceTitle "CBM 160 Extra"]
[Source "ChessBase"]
[SourceDate "2014.07.01"]
[SourceVersion "1"]
[SourceVersionDate "2014.07.01"]
[SourceQuality "1"]

1. d4 Nf6 2. Nf3 e6 3. Bg5 Be7 4. Nbd2 d5 5. e3 a6 6. Bd3 Nbd7 7. Ne5 0-0 8. f4 b5 9. 0-0 h6 10. Bh4 Bb7 11. c3 c5 12. Qf3 Ne4 13. Bxe7 Qxe7 14. Nxe4 dxe4 15. Bxe4 Bxe4 16. Qxe4 cxd4 17. exd4 Nxe5 18. fxe5 f6 19. Rac1 fxe5 20. Qxe5 Rxf1+ 21. Rxf1 Rf8 22. Rxf8+ Kxf8 23. Qb8+ Qe8 24. Qd6+ Qe7 25. Qxa6 Qh4 26. Qxb5 Qe1+ 27. Qf1+ Qxf1+ 28. Kxf1 Kf7 29. Ke2 g5 30. Kd3 h5 31. Kc4 g4 32. b4 Kf6 33. b5 Kf5 34. b6 Kf4 35. b7 h4 36. b8Q+ Kf5 37. Qe5+ Kg6 38. Qxe6+ Kg7 39. Qxg4+ Kh8 40. Qxh4+ Kg8 41. d5 Kf8 42. d6 Ke8 43. Qe7# 1-0